Statistics for Minecraft Crafting Quizzes

Click here to take the quiz!

General Stats

  • This quiz has been taken 132 times
  • The average score is 4 of 9

Answer Stats

QuestionAnswer% Correct
3 diamonds CLUE has letter i in itdiamond pickaxe
98%
three dark oak planks CLUE some are in middle rowbowl
72%
8 netherite ingot'snetherite chestplate
70%
placed like a furnace but CLUE a diffrent thingchest
66%
which is better CLUE eSteve
65%
6 oak planks CLUE something else in the recipe has double of a letterbed
17%
which is made out of wheat CLUE one is poisonbread
8%
? amount of cobblestone :( .........................................................................................................................................................................................................................................................................................................NO CLUE........................................................................................................stone hoe
6%
one thing CLUE made out of one thing2 oak planks
4%

Score Distribution

Percentile by Number Answered

Percent of People with Each Score

Your Score History

You have not taken this quiz